header

Exorcism and Enlightenment (Record no. 136070)

MARC details
000 -LEADER
fixed length control field 01532nam a22003734a 4500
082 04 - DEWEY DECIMAL CLASSIFICATION NUMBER
Classification number 235/.4/094309033
100 1# - MAIN ENTRY--AUTHOR NAME
Personal name Midelfort, H. C. Erik.
245 10 - TITLE STATEMENT
Title Exorcism and Enlightenment
260 ## - PUBLICATION, DISTRIBUTION, ETC. (IMPRINT)
Place of publication New Haven :
Name of publisher Yale University Press,
Year of publication c2005.
300 ## - PHYSICAL DESCRIPTION
Number of Pages xiii, 219 p. :
Other physical details ill., maps.
490 1# - SERIES STATEMENT
Series statement The Terry lecture series
650 #0 - SUBJECT ADDED ENTRY--TOPICAL TERM
Topical Term Exorcism
Topical Term Faith and reason
Topical Term Enlightenment
856 40 - ELECTRONIC LOCATION AND ACCESS
Uniform Resource Identifier http://site.ebrary.com/lib/rucke/Doc?id=10170000

No items available.

© 2026 Rongo University
Contact us: librarian | system librarian | Rongo university